<?xml version="1.0" encoding="UTF-8"?>
<record
    xmlns:xsi="http://www.w3.org/2001/XMLSchema-instance"
    xsi:schemaLocation="http://www.loc.gov/MARC21/slim http://www.loc.gov/standards/marcxml/schema/MARC21slim.xsd"
    xmlns="http://www.loc.gov/MARC21/slim">

  <leader>01135nam a2200145   4500</leader>
  <controlfield tag="008">708 H493n</controlfield>
  <datafield tag="020" ind1=" " ind2=" ">
    <subfield code="a">9786076050422</subfield>
  </datafield>
  <datafield tag="082" ind1=" " ind2=" ">
    <subfield code="a">708</subfield>
    <subfield code="b">H493n</subfield>
  </datafield>
  <datafield tag="100" ind1=" " ind2=" ">
    <subfield code="a">Henaro, Sol</subfield>
    <subfield code="9">6575</subfield>
  </datafield>
  <datafield tag="245" ind1=" " ind2=" ">
    <subfield code="a">No grupo:</subfield>
    <subfield code="b">un zangoloteo al cors&#xE9; art&#xED;stico</subfield>
  </datafield>
  <datafield tag="260" ind1=" " ind2=" ">
    <subfield code="a">M&#xE9;xico</subfield>
    <subfield code="b">Museo de Arte Moderno</subfield>
    <subfield code="c">2011</subfield>
  </datafield>
  <datafield tag="300" ind1=" " ind2=" ">
    <subfield code="a">200 p.</subfield>
    <subfield code="b">ill</subfield>
    <subfield code="c">26 x 20 cm</subfield>
  </datafield>
  <datafield tag="505" ind1=" " ind2=" ">
    <subfield code="t">Presentaci&#xF3;n</subfield>
    <subfield code="r">Osvaldo S&#xE1;nchez</subfield>
    <subfield code="t">No grupo. Un zangoloteo al cors&#xE9; art&#xED;stico</subfield>
    <subfield code="r">Sol Henaro</subfield>
    <subfield code="t">X Bienal de Par&#xED;s</subfield>
    <subfield code="t">Presencia-ambiente de Gunther Gerzso</subfield>
    <subfield code="t">Montaje de momentos pl&#xE1;sticos</subfield>
    <subfield code="t">Atentado al hijo pr&#xF3;digo</subfield>
    <subfield code="t">1 er Coloquio Latinoamericano de Arte No Objetual y Arte Urbano</subfield>
    <subfield code="t">Agenda Colombia 83</subfield>
    <subfield code="t">Caliente! Caliente! (mano a mano con Carlos Zerpa)</subfield>
    <subfield code="t">Afiches/carteles e intervenciones editoriales</subfield>
    <subfield code="t">Objetos / documentos</subfield>
    <subfield code="t">No - grupo: una estrategia colaborativa del M&#xE9;xico de los sesenta</subfield>
    <subfield code="r">Di&#xE1;logo entre Mar&#xED;a Bustamante y Sol Henaro</subfield>
    <subfield code="t">Ap&#xE9;ndice 1: textos del No-grupo (selecci&#xF3;n)</subfield>
    <subfield code="t">Ap&#xE9;ndice 2: Melquiades Herrera</subfield>
    <subfield code="t">Cartograf&#xED;a</subfield>
    <subfield code="t">Bibliograf&#xED;a, Hemerograf&#xED;a, Mesograf&#xED;a, Archivos sonoros y visuales y Acervos consultados</subfield>
  </datafield>
  <datafield tag="650" ind1=" " ind2=" ">
    <subfield code="x">arte contempor&#xE1;neo</subfield>
    <subfield code="x">arte - exhibiciones</subfield>
    <subfield code="x">M&#xE9;xico</subfield>
    <subfield code="x">No grupo</subfield>
    <subfield code="9">6576</subfield>
  </datafield>
  <datafield tag="999" ind1=" " ind2=" ">
    <subfield code="c">1574</subfield>
    <subfield code="d">1574</subfield>
  </datafield>
  <datafield tag="952" ind1=" " ind2=" ">
    <subfield code="0">0</subfield>
    <subfield code="1">0</subfield>
    <subfield code="2">ddc</subfield>
    <subfield code="4">0</subfield>
    <subfield code="7">0</subfield>
    <subfield code="a">LV</subfield>
    <subfield code="b">LV</subfield>
    <subfield code="c">Eventos y Bienales</subfield>
    <subfield code="d">2018-08-04</subfield>
    <subfield code="l">0</subfield>
    <subfield code="o">708 H493n</subfield>
    <subfield code="p">004638</subfield>
    <subfield code="r">2018-08-04 00:00:00</subfield>
    <subfield code="w">2018-08-04</subfield>
    <subfield code="y">01</subfield>
  </datafield>
</record>
